| 000 | 01055 a2200229 4500 | ||
|---|---|---|---|
| 001 | 29393 | ||
| 005 | 20260407155603.0 | ||
| 008 | 260407a2000 arg spa d | ||
| 003 | AR-UNSa-BCEJYS | ||
| 040 |
_aAR-UNSa-BCEJYS _bspa _cAR-UNSa-BCEJYS |
||
| 080 |
_a657.3 _xPresupuestos. Cierre de Cuentas. Balances (Estados Contables) |
||
| 245 | 1 | 0 | _aAnálisis económico-financiero |
| 020 | _a978-84-8088-538-6 | ||
| 250 | _a17a. ed. | ||
| 264 | 1 |
_aBarcelona : _bGestión 2000 _c2000 |
|
| 300 |
_a170 p. _c23 cm. |
||
| 505 | _a1. Introducción al análisis económico-Financiero - 2. Estados financieros - 3. Análisis del balance de situación (I): Introducción - 4. Análisis del balance de situación (II): Los ratios - 5. Análisis de la cuenta de pérdidas y ganancias - 6. Rentabilidad, autofinanciación y crecimiento - 7. Análisis del fondo de maniobra - 8. Análisis con datos sectoriales - 9. Análisis integral de estados financieros | ||
| 041 | _aspa | ||
| 942 | _cBK | ||
| 590 | _aniveau_biblio:m niveau_hierar:0 | ||
| 100 | 1 | _aAmat, Oriol | |
| 999 |
_c1855 _d1855 |
||